000 00964cad a22002175a 4500
001 L154160
008 111020s2011 xxk 000 0 eng d
035 _a(Sirsi) u154160
041 0 _aeng
110 2 _aRoyal Institution of Chartered Surveyors
_bLibrary and Information Services
_94634
245 0 0 _aFAQ
_bwhere can I find the best free reports on the United States commercial property market?
_h[electronic resource]
260 _c2011
490 0 _aRICS Library and Information Services FAQs
520 _aProvides a select list of links to regularly appearing free United States online commercial property market reports.
590 _aKA
650 2 4 _aRICS LIBRARY AND INFORMATION SERVICES FAQS
651 4 _aUnited States
_y1959-
690 _aPROPERTY-COMMERCIAL PROPERTY-COMMERCIAL PROPERTY MARKET
856 4 0 _uhttps://www.rics.org/site/scripts/faqs.aspx?categoryID=327&faqID=4092#a4092
_zView the FAQ free of charge at www.rics.org
942 _n0
999 _c83513
_d83513